03406nam a2200421 a 4500001001000000003000400010005001700014008004100031020001800072040002500090049000900115082002600124100004300150245005500193250001200248260004500260300003100305500007100336500006800407500012200475505129600597650004901893650004401942650004201986650003302028650003102061650004202092650005502134730005002189910003802239942001402277952014402291952013902435952013902574952012402713952013002837999001702967000014667OSt20260429135248.0100118t2007 dr c 001 mdspa d a9789945421262 aDO-SdBNPbspacBNPHU aBNPD aRD868.44bL296o, 20071 aLantigua, José Rafael, d1949-9143813aEl oficio de la palabra /cJosé Rafael Lantigua. a2ª ed. aSanto Domingo :bAmigo del Hogar,c2007. a237 p. :bretrs. ;c23 cm. aIncluye datos biográficos del autor en la solapa de la cubierta. aIncluye notas biobibliográficas de los autores entrevistados. aCompilación de entrevistas realizadas por el autor en la sección literaria "Biblioteca" del diario Última Hora.0 gIntroducción --tLos mejores intelectuales se forman en el exterior /rDiógenes Céspedes --tEl cuentista nace siendo cuentista /rVirgilio Díaz Grullón --tLa revolución poética debe ser radical /rJosé Mármolt"En literatura, como en boxeo, hay de todos los pesos" /rPlinio Apuleyo Mendoza --t"He leído El Quijote 21 veces" /rJuan Bosch --t"La literatura es selección y la mejor antología la hace el tiempo" /rMateo Morrison --t"No olvides que siempre estamos llegando a Pénjamo" /rEnriquillo Sánchez --t"Soy apenas un pastor que va despertando ovejas dormidas" /rRené Rodríguez Soriano --tAntes que libro mi obra fue una novela oral /rViriato Sención --tLa literatura está llena de coartadas /rAndrés L. Mateo --tEste mundo no sabe de poesía, pero le teme /rOded Sverdlik --tLa poesía es una flor, la novela es un pulpo /rMarcio Veloz Maggiolo --tHa sido la voz de los que no tienen voz /rMiguel Barnet --tFidel leía sobre política, nada de literatura y nunca versos /rJose Pardo LLada --tNo existe una literatura dominicana en New York /rJosé Carvajal --tF(r)icciones y confesiones /rAlexis Gómez Rosa --tEl amor es tan subversivo como la poesía /tSoledad Álvarez --gNotas bibliográficas --gApéndice. 4aAutores latinoamericanosxEntrevistas922867 4aAutores dominicanosxEntrevistas922868 0aLiteraturaxHistoria y crítica9835 4aAutores en literatura922864 0aLiteratura dominicana.967 0aLiteraturaxHistoria y crítica9835 4aDiarios dominicanosxSecciones, columnas, etc.9440 aÚltima Hora (República Dominicana)920930 aValidado. Control de calidad EMS. 2ddccLBS1 00102ddc54708DSaGRbGRcHDd2010-01-18iLF1l0oRD868.44 L296o, 2007p14667-30r2020-06-25te. 3w2020-06-25yLFDSZPréstamo en sala 001054708DSaGRbGRcHDd2010-01-18iLF1l0oRD868.44 L296o, 2007p14667-40r2020-06-25te. 4w2020-06-25yLFDSZPréstamo en sala 001054708DSaGRbGRcHDd2010-01-18iLF1l0oRD868.44 L296o, 2007p14667-50r2020-06-25te. 5w2020-06-25yLFDSZPréstamo en sala 0010718PDaPDbPDcHDd2010-01-18iLF1l0oRD868.44 L296o, 2007p14667-10r2020-06-25w2020-06-25yLFPDZNo se presta 0010718PDaPDbPDcHDd2010-01-18iLF1l0oRD868.44 L296o, 2007p14667-20r2020-06-25te. 2w2020-06-25yLFPDZNo se presta c14251d14251